[Event "DEM U10 2022"]
[Site "Willingen GER"]
[Date "2022.06.06"]
[Round "4"]
[White "Hellriegel, Hannes"]
[Black "Li, Joshua"]
[Result "1-0"]
[Termination "normal"]
[Board "26"]
[WhiteElo "1335"]
[BlackElo "1211"]
[WhiteClock "01:14:23"]
[BlackClock "01:15:49"]
[PlyCount "137"]
[WhiteFideId "34623701"]
[BlackFideId "34623639"]
[EventCountry "GER"]
[EventRounds "11"]
[EventType "swiss"]
[EventDate "2022.06.04"]

1. e4 {[%clk 01:15:58]} {[%emt 00:00:01]} e5 {[%clk 01:15:57]} {[%emt
00:00:04]} 2. Nf3 {[%clk 01:16:19]} {[%emt 00:00:08]} Nc6 {[%clk 01:16:25]}
{[%emt 00:00:02]} 3. Bc4 {[%clk 01:16:39]} {[%emt 00:00:10]} Nf6 {[%clk
01:16:50]} {[%emt 00:00:05]} 4. Ng5 {[%clk 01:17:01]} {[%emt 00:00:08]} d5
{[%clk 01:17:12]} {[%emt 00:00:08]} 5. exd5 {[%clk 01:17:23]} {[%emt 00:00:07]}
Na5 {[%clk 01:17:37]} {[%emt 00:00:06]} 6. Bb5+ {[%clk 01:17:41]} {[%emt
00:00:13]} Bd7 {[%clk 01:18:01]} {[%emt 00:00:06]} 7. Qe2 {[%clk 01:17:25]}
{[%emt 00:00:45]} Bxb5 {[%clk 01:16:32]} {[%emt 00:02:00]} 8. Qxb5+ {[%clk
01:17:37]} {[%emt 00:00:18]} c6 {[%clk 01:16:53]} {[%emt 00:00:08]} 9. dxc6
{[%clk 01:16:47]} {[%emt 00:01:18]} bxc6 {[%clk 01:16:22]} {[%emt 00:01:03]}
10. Qxe5+ {[%clk 01:16:16]} {[%emt 00:00:59]} Qe7 {[%clk 01:16:45]} {[%emt
00:00:08]} 11. Qxe7+ {[%clk 01:16:28]} {[%emt 00:00:17]} Bxe7 {[%clk 01:17:10]}
{[%emt 00:00:05]} 12. O-O {[%clk 01:16:37]} {[%emt 00:00:21]} O-O {[%clk
01:17:35]} {[%emt 00:00:05]} 13. Nc3 {[%clk 01:16:04]} {[%emt 00:01:03]} Ng4
{[%clk 01:17:41]} {[%emt 00:00:21]} 14. d3 {[%clk 01:15:48]} {[%emt 00:00:48]}
h6 {[%clk 01:17:37]} {[%emt 00:00:34]} 15. Nf3 {[%clk 01:16:03]} {[%emt
00:00:15]} Bb4 {[%clk 01:17:36]} {[%emt 00:00:31]} 16. Bd2 {[%clk 01:15:36]}
{[%emt 00:00:57]} Rab8 {[%clk 01:17:31]} {[%emt 00:00:36]} 17. a3 {[%clk
01:15:40]} {[%emt 00:00:25]} Bd6 {[%clk 01:17:48]} {[%emt 00:00:11]} 18. Rab1
{[%clk 01:15:10]} {[%emt 00:01:03]} c5 {[%clk 01:17:29]} {[%emt 00:00:49]} 19.
Ne4 {[%clk 01:15:17]} {[%emt 00:00:23]} Nb7 {[%clk 01:17:22]} {[%emt 00:00:38]}
20. Nxd6 {[%clk 01:15:30]} {[%emt 00:00:16]} Nxd6 {[%clk 01:17:34]} {[%emt
00:00:18]} 21. Bf4 {[%clk 01:15:32]} {[%emt 00:00:27]} Rbd8 {[%clk 01:17:39]}
{[%emt 00:00:24]} 22. Bxd6 {[%clk 01:15:35]} {[%emt 00:00:28]} Rxd6 {[%clk
01:18:05]} {[%emt 00:00:06]} 23. h3 {[%clk 01:15:36]} {[%emt 00:00:29]} Nf6
{[%clk 01:18:29]} {[%emt 00:00:06]} 24. Rfd1 {[%clk 01:14:52]} {[%emt
00:01:13]} Rfd8 {[%clk 01:18:46]} {[%emt 00:00:14]} 25. Nd2 {[%clk 01:14:10]}
{[%emt 00:01:11]} Nd7 {[%clk 01:17:18]} {[%emt 00:01:59]} 26. Nb3 {[%clk
01:14:17]} {[%emt 00:00:22]} Rd5 {[%clk 01:17:08]} {[%emt 00:00:37]} 27. Na5
{[%clk 01:12:52]} {[%emt 00:01:58]} Ne5 {[%clk 01:17:03]} {[%emt 00:00:36]} 28.
Re1 {[%clk 01:12:33]} {[%emt 00:00:47]} f6 {[%clk 01:16:40]} {[%emt 00:00:56]}
29. f4 {[%clk 01:12:13]} {[%emt 00:00:47]} Ng6 {[%clk 01:16:49]} {[%emt
00:00:19]} 30. g3 {[%clk 01:11:50]} {[%emt 00:00:54]} h5 {[%clk 01:16:15]}
{[%emt 00:01:07]} 31. h4 {[%clk 01:11:55]} {[%emt 00:00:24]} Nh8 {[%clk
01:16:23]} {[%emt 00:00:21]} 32. Nc6 {[%clk 01:11:55]} {[%emt 00:00:31]} R8d7
{[%clk 01:16:06]} {[%emt 00:00:44]} 33. Ne7+ {[%clk 01:11:57]} {[%emt
00:00:31]} Rxe7 {[%clk 01:16:01]} {[%emt 00:00:35]} 34. Rxe7 {[%clk 01:12:15]}
{[%emt 00:00:12]} g5 {[%clk 01:15:16]} {[%emt 00:01:15]} 35. fxg5 {[%clk
01:12:07]} {[%emt 00:00:33]} fxg5 {[%clk 01:15:34]} {[%emt 00:00:16]} 36. hxg5
{[%clk 01:12:23]} {[%emt 00:00:14]} Rxg5 {[%clk 01:15:57]} {[%emt 00:00:08]}
37. Kh2 {[%clk 01:12:22]} {[%emt 00:00:28]} Rf5 {[%clk 01:15:23]} {[%emt
00:00:19]} 38. Rg1 {[%clk 01:11:51]} {[%emt 00:01:47]} Rf2+ {[%clk 01:13:33]}
{[%emt 00:02:21]} 39. Rg2 {[%clk 01:11:59]} {[%emt 00:00:23]} Rf7 {[%clk
01:13:05]} {[%emt 00:00:56]} 40. Rxf7 {[%clk 01:12:10]} {[%emt 00:00:21]} Kxf7
{[%clk 01:13:27]} {[%emt 00:00:07]} 41. Kh3 {[%clk 01:12:23]} {[%emt 00:00:16]}
Ng6 {[%clk 01:13:29]} {[%emt 00:00:30]} 42. Rf2+ {[%clk 01:12:28]} {[%emt
00:00:25]} Ke6 {[%clk 01:12:33]} {[%emt 00:01:24]} 43. Rd2 {[%clk 01:11:46]}
{[%emt 00:01:13]} Kd5 {[%clk 01:11:47]} {[%emt 00:00:49]} 44. b4 {[%clk
01:11:38]} {[%emt 00:01:06]} cxb4 {[%clk 01:12:02]} {[%emt 00:00:15]} 45. axb4
{[%clk 01:11:58]} {[%emt 00:00:09]} Kd4 {[%clk 01:12:20]} {[%emt 00:00:13]} 46.
c4 {[%clk 01:11:24]} {[%emt 00:01:04]} Kc3 {[%clk 01:12:29]} {[%emt 00:00:21]}
47. Ra2 {[%clk 01:11:29]} {[%emt 00:00:23]} Kb3 {[%clk 01:12:39]} {[%emt
00:00:22]} 48. Rxa7 {[%clk 01:11:44]} {[%emt 00:00:14]} Kb2 {[%clk 01:13:01]}
{[%emt 00:00:08]} 49. b5 {[%clk 01:11:58]} {[%emt 00:00:17]} h4 {[%clk
01:13:24]} {[%emt 00:00:07]} 50. b6 {[%clk 01:12:03]} {[%emt 00:00:26]} Ne5
{[%clk 01:13:43]} {[%emt 00:00:11]} 51. b7 {[%clk 01:12:10]} {[%emt 00:00:22]}
Nc6 {[%clk 01:14:03]} {[%emt 00:00:09]} 52. b8=Q+ {[%clk 01:12:21]} {[%emt
00:00:18]} Nxb8 {[%clk 01:14:26]} {[%emt 00:00:08]} 53. Rb7+ {[%clk 01:12:41]}
{[%emt 00:00:10]} Kc3 {[%clk 01:14:48]} {[%emt 00:00:09]} 54. Rxb8 {[%clk
01:13:03]} {[%emt 00:00:08]} hxg3 {[%clk 01:12:41]} {[%emt 00:02:37]} 55. Kxg3
{[%clk 01:13:24]} {[%emt 00:00:09]} Kd4 {[%clk 01:12:49]} {[%emt 00:00:22]} 56.
Kf4 {[%clk 01:13:37]} {[%emt 00:00:17]} Kc5 {[%clk 01:13:09]} {[%emt 00:00:09]}
57. Rb1 {[%clk 01:13:37]} {[%emt 00:00:30]} Kd6 {[%clk 01:13:31]} {[%emt
00:00:09]} 58. Rc1 {[%clk 01:13:58]} {[%emt 00:00:09]} Kc5 {[%clk 01:13:53]}
{[%emt 00:00:08]} 59. d4+ {[%clk 01:13:59]} {[%emt 00:00:29]} Kc6 {[%clk
01:14:17]} {[%emt 00:00:06]} 60. c5 {[%clk 01:14:13]} {[%emt 00:00:16]} Kd7
{[%clk 01:14:34]} {[%emt 00:00:13]} 61. c6+ {[%clk 01:12:02]} {[%emt 00:02:41]}
Kc7 {[%clk 01:14:50]} {[%emt 00:00:14]} 62. d5 {[%clk 01:12:22]} {[%emt
00:00:10]} Kd8 {[%clk 01:15:05]} {[%emt 00:00:14]} 63. c7+ {[%clk 01:12:41]}
{[%emt 00:00:11]} Kc8 {[%clk 01:15:27]} {[%emt 00:00:08]} 64. d6 {[%clk
01:13:04]} {[%emt 00:00:07]} Kd7 {[%clk 01:15:50]} {[%emt 00:00:07]} 65. c8=Q+
{[%clk 01:13:18]} {[%emt 00:00:13]} Kxd6 {[%clk 01:15:22]} {[%emt 00:03:49]}
66. Rd1+ {[%clk 01:13:31]} {[%emt 00:00:18]} Ke7 {[%clk 01:15:31]} {[%emt
00:00:21]} 67. Qc6 {[%clk 01:13:41]} {[%emt 00:00:20]} Kf7 {[%clk 01:15:49]}
{[%emt 00:00:11]} 68. Rd7+ {[%clk 01:14:04]} {[%emt 00:00:09]} Ke8 {[%clk
01:15:49]} {[%emt 00:00:30]} 69. Qc8# {[%clk 01:14:23]} {[%emt 00:00:11]} 1-0

[Event "DEM U10 2022"]
[Site "Willingen GER"]
[Date "2022.06.06"]
[Round "4"]
[White "Meurer, Knut"]
[Black "Wang, Kaiwen"]
[Result "0-1"]
[Termination "normal"]
[Board "27"]
[WhiteElo "998"]
[BlackElo "1151"]
[WhiteClock "00:48:30"]
[BlackClock "00:34:22"]
[PlyCount "82"]
[WhiteFideId "34623604"]
[BlackFideId "16279514"]
[EventCountry "GER"]
[EventRounds "11"]
[EventType "swiss"]
[EventDate "2022.06.04"]

1. d4 {[%clk 01:15:58]} {[%emt 00:00:02]} Nf6 {[%clk 01:15:50]} {[%emt
00:00:11]} 2. Nc3 {[%clk 01:16:19]} {[%emt 00:00:09]} c5 {[%clk 01:16:13]}
{[%emt 00:00:06]} 3. e3 {[%clk 01:16:05]} {[%emt 00:00:45]} e6 {[%clk
01:16:24]} {[%emt 00:00:19]} 4. Nf3 {[%clk 01:16:22]} {[%emt 00:00:12]} d5
{[%clk 01:16:36]} {[%emt 00:00:19]} 5. Bb5+ {[%clk 01:16:10]} {[%emt 00:00:42]}
Bd7 {[%clk 01:16:22]} {[%emt 00:00:44]} 6. Bxd7+ {[%emt 00:00:20]} Nbxd7 {[%emt
00:00:09]} 7. O-O {[%clk 01:15:40]} {[%emt 00:00:30]} Be7 {[%clk 01:16:01]}
{[%emt 00:00:52]} 8. Bd2 {[%clk 01:15:52]} {[%emt 00:00:17]} O-O {[%clk
01:15:42]} {[%emt 00:00:50]} 9. Qe2 {[%clk 01:15:07]} {[%emt 00:01:15]} a6
{[%clk 01:15:06]} {[%emt 00:01:06]} 10. e4 {[%clk 01:15:16]} {[%emt 00:00:21]}
dxe4 {[%clk 01:09:51]} {[%emt 00:05:45]} 11. Nxe4 {[%clk 01:14:14]} {[%emt
00:01:31]} cxd4 {[%clk 01:06:45]} {[%emt 00:03:36]} 12. Nxd4 {[%clk 01:13:28]}
{[%emt 00:01:17]} Nxe4 {[%clk 01:06:03]} {[%emt 00:01:13]} 13. Qxe4 {[%clk
01:13:13]} {[%emt 00:00:44]} Nc5 {[%clk 01:05:58]} {[%emt 00:00:35]} 14. Qe3
{[%clk 01:12:25]} {[%emt 00:00:59]} h6 {[%clk 01:02:38]} {[%emt 00:04:09]} 15.
Rad1 {[%clk 01:11:25]} {[%emt 00:01:30]} Bf6 {[%clk 00:58:28]} {[%emt
00:04:40]} 16. c3 {[%clk 01:10:08]} {[%emt 00:01:48]} Na4 {[%clk 00:58:22]}
{[%emt 00:00:35]} 17. Bc1 {[%clk 01:10:16]} {[%emt 00:00:22]} Qc7 {[%clk
00:57:34]} {[%emt 00:01:17]} 18. Qf3 {[%clk 01:09:15]} {[%emt 00:01:32]} Be5
{[%clk 00:56:40]} {[%emt 00:01:24]} 19. g3 {[%clk 01:08:30]} {[%emt 00:01:16]}
Kh8 {[%clk 00:55:39]} {[%emt 00:01:30]} 20. Qe4 {[%clk 01:07:13]} {[%emt
00:01:47]} Nc5 {[%clk 00:53:30]} {[%emt 00:02:39]} 21. Qe3 {[%emt 00:01:17]}
Bf6 {[%emt 00:01:40]} 22. Qf3 {[%clk 01:01:23]} {[%emt 00:03:12]} Be5 {[%clk
00:53:30]} {[%emt 00:00:40]} 23. Qh5 {[%clk 01:00:48]} {[%emt 00:01:03]} Kg8
{[%clk 00:52:28]} {[%emt 00:01:35]} 24. b4 {[%clk 01:00:18]} {[%emt 00:00:47]}
Nd7 {[%clk 00:51:12]} {[%emt 00:01:58]} 25. Rd2 {[%clk 00:59:50]} {[%emt
00:01:00]} Nf6 {[%clk 00:50:55]} {[%emt 00:00:46]} 26. Qe2 {[%clk 00:59:30]}
{[%emt 00:00:50]} Nd7 {[%clk 00:49:19]} {[%emt 00:02:05]} 27. Qe1 {[%clk
00:57:08]} {[%emt 00:02:53]} Rad8 {[%clk 00:46:19]} {[%emt 00:03:30]} 28. Qd1
{[%clk 00:56:43]} {[%emt 00:00:55]} Nf6 {[%clk 00:43:11]} {[%emt 00:03:38]} 29.
Re2 {[%clk 00:52:35]} {[%emt 00:04:38]} Qxc3 {[%clk 00:42:20]} {[%emt
00:01:20]} 30. Rxe5 {[%clk 00:52:50]} {[%emt 00:00:16]} Rxd4 {[%clk 00:41:34]}
{[%emt 00:01:16]} 31. Qe2 {[%clk 00:52:44]} {[%emt 00:00:32]} Qxb4 {[%clk
00:40:59]} {[%emt 00:01:09]} 32. Be3 {[%clk 00:51:38]} {[%emt 00:01:36]} Re4
{[%clk 00:39:57]} {[%emt 00:01:31]} 33. Rxe4 {[%clk 00:51:28]} {[%emt
00:00:41]} Qxe4 {[%clk 00:39:13]} {[%emt 00:01:14]} 34. Qb2 {[%clk 00:50:44]}
{[%emt 00:01:13]} Ng4 {[%clk 00:36:20]} {[%emt 00:03:23]} 35. Bc5 {[%clk
00:50:56]} {[%emt 00:00:18]} Rc8 {[%clk 00:36:12]} {[%emt 00:00:38]} 36. Bd6
{[%clk 00:50:43]} {[%emt 00:00:44]} Rc2 {[%clk 00:35:52]} {[%emt 00:00:50]} 37.
Qa3 {[%clk 00:50:39]} {[%emt 00:00:34]} Qd4 {[%clk 00:34:29]} {[%emt 00:01:52]}
38. Bf4 {[%clk 00:48:42]} {[%emt 00:01:45]} Rxf2 {[%clk 00:34:03]} {[%emt
00:01:40]} 39. Be3 {[%clk 00:48:02]} {[%emt 00:01:10]} Rxf1+ {[%clk 00:34:20]}
{[%emt 00:00:12]} 40. Kxf1 {[%clk 00:48:19]} {[%emt 00:00:13]} Nxe3+ {[%clk
00:34:22]} {[%emt 00:00:28]} 41. Ke1 {[%clk 00:48:30]} {[%emt 00:00:18]} Nc2+
{[%emt 00:00:38]} 0-1

[Event "DEM U10 2022"]
[Site "Willingen GER"]
[Date "2022.06.06"]
[Round "4"]
[White "Wetzig, Karl Anton"]
[Black "Schmidt, Jossip"]
[Result "1-0"]
[Termination "normal"]
[Board "28"]
[WhiteElo "884"]
[BlackElo "1085"]
[PlyCount "123"]
[WhiteFideId "34623442"]
[BlackFideId "34621148"]
[EventCountry "GER"]
[EventRounds "11"]
[EventType "swiss"]
[EventDate "2022.06.04"]

1. e4 d5 2. exd5 Qxd5 3. Nc3 Qa5 4. Nf3 Nf6 5. Bc4 Bf5 6. O-O c6 7. a3 e6 8. d3
Qc7 9. Re1 Bd6 10. b4 Nbd7 11. d4 O-O 12. Bg5 Bg4 13. g3 Rfe8 14. Ne4 Nxe4 15.
Rxe4 e5 16. Rxg4 h5 17. Re4 g6 18. c3 Nb6 19. Bb3 Nd5 20. Qc2 Qd7 21. dxe5 Be7
22. Rd1 Bxg5 23. Nxg5 Rad8 24. c4 Qf5 25. h4 Ne7 26. c5 Kg7 27. Rxd8 Rxd8 28.
e6 f6 29. Qc3 Kg8 30. Bc2 Nd5 31. Qd2 fxg5 32. Qxg5 Qxg5 33. hxg5 Re8 34. Bb3
Ne7 35. Kg2 Rf8 36. f4 Rd8 37. Re3 b5 38. cxb6 axb6 39. a4 Kf8 40. Kf3 Rd4 41.
Re4 Rd3+ 42. Re3 Rd4 43. b5 cxb5 44. axb5 Rb4 45. Rd3 Ke8 46. g4 hxg4+ 47. Kxg4
Rxb5 48. Ba4 Nf5 49. Bxb5+ Ke7 50. Bd7 b5 51. Rb3 b4 52. Rxb4 Kd6 53. Rb8 Ke7
54. Rg8 Kd6 55. Rxg6 Ne3+ 56. Kh5 Nf5 57. Rg8 Ke7 58. g6 Kf6 59. Rf8+ Kg7 60.
Rf7+ Kg8 61. e7 Kh8 62. e8=Q# 1-0

[Event "DEM U10 2022"]
[Site "Willingen GER"]
[Date "2022.06.07"]
[Round "5"]
[White "Vartanian, Roman"]
[Black "Hepp, Daniel"]
[Result "1/2-1/2"]
[Termination "normal"]
[Board "3"]
[WhiteElo "1511"]
[BlackElo "1468"]
[WhiteClock "00:16:38"]
[BlackClock "00:25:58"]
[PlyCount "165"]
[WhiteFideId "34140107"]
[BlackFideId "34608567"]
[EventCountry "GER"]
[EventRounds "11"]
[EventType "swiss"]
[EventDate "2022.06.04"]

1. Nf3 {[%clk 01:15:57]} {[%emt 00:00:03]} f5 {[%clk 01:15:50]} {[%emt
00:00:11]} 2. c4 {[%clk 01:16:15]} {[%emt 00:00:11]} e6 {[%clk 01:15:57]}
{[%emt 00:00:23]} 3. e3 {[%clk 01:16:36]} {[%emt 00:00:09]} Nf6 {[%clk
01:16:03]} {[%emt 00:00:24]} 4. Nc3 {[%clk 01:16:55]} {[%emt 00:00:11]} d5
{[%clk 01:15:55]} {[%emt 00:00:38]} 5. d4 {[%clk 01:17:18]} {[%emt 00:00:07]}
c6 {[%clk 01:15:45]} {[%emt 00:00:41]} 6. Qc2 {[%clk 01:17:24]} {[%emt
00:00:24]} Bd6 {[%clk 01:15:40]} {[%emt 00:00:35]} 7. Bd3 {[%clk 01:17:29]}
{[%emt 00:00:25]} O-O {[%clk 01:15:19]} {[%emt 00:00:51]} 8. a3 {[%clk
01:17:38]} {[%emt 00:00:21]} Ne4 {[%clk 01:15:09]} {[%emt 00:00:39]} 9. cxd5
{[%clk 01:15:29]} {[%emt 00:02:38]} exd5 {[%clk 01:15:22]} {[%emt 00:00:17]}
10. Qb3 {[%clk 01:14:49]} {[%emt 00:01:11]} Kh8 {[%clk 01:14:57]} {[%emt
00:00:55]} 11. O-O {[%clk 01:13:14]} {[%emt 00:02:04]} Qe7 {[%clk 01:12:35]}
{[%emt 00:02:52]} 12. Ne2 {[%clk 01:07:49]} {[%emt 00:05:55]} Nd7 {[%clk
01:07:44]} {[%emt 00:05:21]} 13. Bd2 {[%clk 01:03:22]} {[%emt 00:04:57]} Nxd2
{[%clk 01:05:15]} {[%emt 00:02:59]} 14. Nxd2 {[%clk 01:03:32]} {[%emt
00:00:20]} Nf6 {[%clk 01:05:30]} {[%emt 00:00:16]} 15. Nf3 {[%clk 00:57:48]}
{[%emt 00:06:14]} Ne4 {[%clk 01:05:14]} {[%emt 00:00:46]} 16. Rfe1 {[%clk
00:51:56]} {[%emt 00:06:22]} Rb8 {[%clk 01:00:09]} {[%emt 00:05:35]} 17. Rac1
{[%clk 00:51:13]} {[%emt 00:01:12]} Bd7 {[%clk 00:58:37]} {[%emt 00:02:02]} 18.
Qc2 {[%clk 00:49:01]} {[%emt 00:02:42]} Be8 {[%clk 00:54:10]} {[%emt 00:04:58]}
19. Ng3 {[%clk 00:44:34]} {[%emt 00:04:57]} Bg6 {[%clk 00:52:20]} {[%emt
00:02:19]} 20. b4 {[%clk 00:43:55]} {[%emt 00:01:10]} a6 {[%clk 00:51:37]}
{[%emt 00:01:13]} 21. Nd2 {[%clk 00:41:25]} {[%emt 00:02:59]} Rbe8 {[%clk
00:45:33]} {[%emt 00:06:34]} 22. f4 {[%clk 00:30:21]} {[%emt 00:11:34]} Nxd2
{[%clk 00:37:02]} {[%emt 00:09:01]} 23. Qxd2 {[%clk 00:30:38]} {[%emt
00:00:13]} Qd7 {[%clk 00:36:32]} {[%emt 00:01:00]} 24. Qc2 {[%clk 00:29:50]}
{[%emt 00:01:19]} h6 {[%clk 00:35:27]} {[%emt 00:01:34]} 25. Re2 {[%clk
00:29:38]} {[%emt 00:00:42]} Be7 {[%clk 00:33:19]} {[%emt 00:02:39]} 26. Qa4
{[%clk 00:26:37]} {[%emt 00:03:30]} Rc8 {[%clk 00:30:44]} {[%emt 00:03:05]} 27.
Ree1 {[%clk 00:25:34]} {[%emt 00:01:33]} Rfe8 {[%clk 00:29:57]} {[%emt
00:01:17]} 28. Qb3 {[%clk 00:23:59]} {[%emt 00:02:06]} Bh4 {[%clk 00:28:32]}
{[%emt 00:01:54]} 29. Be2 {[%clk 00:23:39]} {[%emt 00:02:07]} Re7 {[%clk
00:27:31]} {[%emt 00:01:31]} 30. Bf3 {[%clk 00:23:57]} {[%emt 00:00:12]} Bf7
{[%clk 00:26:36]} {[%emt 00:01:24]} 31. Qd3 {[%clk 00:23:51]} {[%emt 00:00:37]}
g6 {[%clk 00:25:47]} {[%emt 00:01:19]} 32. Qc3 {[%clk 00:23:18]} {[%emt
00:01:02]} Rce8 {[%clk 00:25:16]} {[%emt 00:01:01]} 33. Qb3 {[%clk 00:23:37]}
{[%emt 00:00:11]} Rd8 {[%clk 00:24:56]} {[%emt 00:00:50]} 34. Re2 {[%clk
00:23:42]} {[%emt 00:00:25]} Rde8 {[%clk 00:25:05]} {[%emt 00:00:20]} 35. Nf1
{[%clk 00:23:40]} {[%emt 00:00:32]} Bf6 {[%clk 00:25:22]} {[%emt 00:00:13]} 36.
Kf2 {[%clk 00:23:47]} {[%emt 00:00:24]} Kg7 {[%clk 00:25:24]} {[%emt 00:00:28]}
37. g3 {[%clk 00:24:02]} {[%emt 00:00:16]} Qd6 {[%clk 00:25:05]} {[%emt
00:00:50]} 38. Rce1 {[%clk 00:24:04]} {[%emt 00:00:27]} Qd7 {[%clk 00:25:08]}
{[%emt 00:00:27]} 39. Nd2 {[%clk 00:24:27]} {[%emt 00:00:07]} h5 {[%clk
00:25:20]} {[%emt 00:00:18]} 40. h4 {[%clk 00:24:39]} {[%emt 00:00:18]} Ra8
{[%clk 00:25:14]} {[%emt 00:00:37]} 41. Qc3 {[%clk 00:24:27]} {[%emt 00:00:42]}
Qd6 {[%clk 00:24:55]} {[%emt 00:00:48]} 42. Nb3 {[%clk 00:24:47]} {[%emt
00:00:10]} b6 {[%clk 00:25:03]} {[%emt 00:00:22]} 43. Rc1 {[%clk 00:24:43]}
{[%emt 00:00:34]} Rc7 {[%clk 00:25:21]} {[%emt 00:00:12]} 44. Rec2 {[%clk
00:24:35]} {[%emt 00:00:38]} Rac8 {[%clk 00:25:35]} {[%emt 00:00:16]} 45. Qd3
{[%clk 00:24:52]} {[%emt 00:00:13]} Ra8 {[%clk 00:25:51]} {[%emt 00:00:15]} 46.
Qd2 {[%clk 00:23:30]} {[%emt 00:01:52]} Be7 {[%clk 00:25:36]} {[%emt 00:00:44]}
47. Be2 {[%clk 00:23:04]} {[%emt 00:02:06]} Be8 {[%clk 00:25:51]} {[%emt
00:00:15]} 48. Rc3 {[%clk 00:22:26]} {[%emt 00:01:06]} Kh7 {[%clk 00:24:52]}
{[%emt 00:01:30]} 49. R1c2 {[%clk 00:22:36]} {[%emt 00:00:20]} Kg7 {[%clk
00:25:04]} {[%emt 00:00:19]} 50. Nc1 {[%clk 00:22:57]} {[%emt 00:00:08]} Qe6
{[%clk 00:24:03]} {[%emt 00:01:31]} 51. Nd3 {[%clk 00:22:59]} {[%emt 00:00:29]}
Bf6 {[%clk 00:23:06]} {[%emt 00:01:27]} 52. Bf3 {[%clk 00:22:33]} {[%emt
00:00:55]} Kh7 {[%clk 00:22:57]} {[%emt 00:00:39]} 53. Ne5 {[%clk 00:22:32]}
{[%emt 00:00:31]} Rac8 {[%clk 00:22:36]} {[%emt 00:00:51]} 54. Qd3 {[%clk
00:21:49]} {[%emt 00:01:13]} b5 {[%clk 00:22:47]} {[%emt 00:00:20]} 55. Qd2
{[%clk 00:21:46]} {[%emt 00:00:32]} Kg7 {[%clk 00:23:01]} {[%emt 00:00:16]} 56.
Rc1 {[%clk 00:21:28]} {[%emt 00:00:47]} Kh7 {[%clk 00:23:11]} {[%emt 00:00:21]}
57. R3c2 {[%clk 00:21:50]} {[%emt 00:00:09]} Kg7 {[%clk 00:23:31]} {[%emt
00:00:10]} 58. Qd3 {[%clk 00:22:12]} {[%emt 00:00:08]} Kh7 {[%clk 00:23:34]}
{[%emt 00:00:27]} 59. Qb3 {[%clk 00:22:32]} {[%emt 00:00:10]} Qd6 {[%clk
00:23:33]} {[%emt 00:00:31]} 60. Qc3 {[%clk 00:22:17]} {[%emt 00:00:45]} Bd8
{[%clk 00:23:24]} {[%emt 00:00:39]} 61. Nd3 {[%clk 00:21:13]} {[%emt 00:02:51]}
Kg7 {[%clk 00:23:35]} {[%emt 00:00:19]} 62. Qb3 {[%clk 00:21:31]} {[%emt
00:00:12]} Kh7 {[%clk 00:23:44]} {[%emt 00:00:20]} 63. Nc5 {[%clk 00:21:53]}
{[%emt 00:00:08]} Ra8 {[%clk 00:24:03]} {[%emt 00:00:11]} 64. a4 {[%emt
00:00:15]} Kg7 {[%clk 00:23:39]} {[%emt 00:00:51]} 65. Rd2 {[%clk 00:21:50]}
{[%emt 00:00:51]} Kh7 {[%clk 00:23:56]} {[%emt 00:00:12]} 66. Ra1 {[%clk
00:21:30]} {[%emt 00:00:50]} Rca7 {[%clk 00:24:11]} {[%emt 00:00:16]} 67. axb5
{[%clk 00:19:41]} {[%emt 00:02:19]} axb5 {[%clk 00:24:29]} {[%emt 00:00:12]}
68. Rda2 {[%clk 00:19:52]} {[%emt 00:00:19]} Qc7 {[%clk 00:24:32]} {[%emt
00:00:27]} 69. Qb2 {[%clk 00:19:54]} {[%emt 00:00:27]} Bf7 {[%clk 00:24:44]}
{[%emt 00:00:18]} 70. Rxa7 {[%clk 00:19:08]} {[%emt 00:01:16]} Rxa7 {[%clk
00:24:59]} {[%emt 00:00:16]} 71. Ke2 {[%clk 00:18:49]} {[%emt 00:00:48]} Qb8
{[%clk 00:24:20]} {[%emt 00:01:09]} 72. Nd3 {[%clk 00:18:44]} {[%emt 00:00:35]}
Qa8 {[%clk 00:24:31]} {[%emt 00:00:19]} 73. Rxa7 {[%clk 00:18:54]} {[%emt
00:00:20]} Qxa7 {[%clk 00:24:56]} {[%emt 00:00:06]} 74. Ne5 {[%clk 00:19:12]}
{[%emt 00:00:12]} Be8 {[%clk 00:25:06]} {[%emt 00:00:20]} 75. Nd3 {[%clk
00:18:28]} {[%emt 00:01:14]} Be7 {[%clk 00:25:00]} {[%emt 00:00:34]} 76. Kd2
{[%clk 00:18:26]} {[%emt 00:00:50]} Kg7 {[%clk 00:25:15]} {[%emt 00:00:15]} 77.
Bd1 {[%clk 00:18:25]} {[%emt 00:00:31]} Bd6 {[%clk 00:25:22]} {[%emt 00:00:23]}
78. Bb3 {[%clk 00:18:25]} {[%emt 00:00:30]} Qa8 {[%clk 00:25:22]} {[%emt
00:00:30]} 79. Qa2 {[%clk 00:18:09]} {[%emt 00:00:46]} Qxa2+ {[%clk 00:25:37]}
{[%emt 00:00:15]} 80. Bxa2 {[%clk 00:18:30]} {[%emt 00:00:09]} Kf6 {[%clk
00:25:50]} {[%emt 00:00:16]} 81. Ke2 {[%clk 00:18:32]} {[%emt 00:00:28]} Bd7
{[%clk 00:26:04]} {[%emt 00:00:17]} 82. Kf3 {[%clk 00:18:05]} {[%emt 00:00:59]}
Be8 {[%clk 00:25:58]} {[%emt 00:00:36]} 83. Bb3 {[%clk 00:16:38]} {[%emt
00:01:58]} 1/2-1/2